00000000nam 2200000zi 4500
0019.947303
003CaOODSP
00520250123114713
006m     o  d f      
007cr mn|||||||||
008250123t19831983oncad   obs  f000 0 fre d
020 |z066252652X
040 |aCaOODSP|bfre|erda|cCaOODSP
043 |an-cn---
0861 |aId46-3/1983F-PDF|zId46-3/1983
24500|aTissus de laine cardée et lain peignée : |bun rapport au ministre de l'Industrie et du Commerce et de l'Expansion économique régionale.
264 1|aOttawa, Canada : |bCommission du textile et du vêtement = Textile and Clothing Board, |c[1983]
264 4|c©1983
300 |a1 ressource en ligne (v, 106 pages) : |billustration, graphique
336 |atexte|btxt|2rdacontent/fre
337 |ainformatique|bc|2rdamedia/fre
338 |aressource en ligne|bcr|2rdacarrier/fre
500 |aÉdition numérisée de l'imprimé [par Innovation, sciences et développement économique Canada].
500 |aPublié aussi en anglais sous le titre : Woollen and worsted fabrics : a report to the Minister of Industry, Trade and Commerce and Regional Economic Expansion.
504 |aComprend des références bibliographiques.
650 6|aLaine|xIndustrie|zCanada|vStatistiques.
655 7|aStatistiques|2rvmgf
7101 |aCanada. |bCommission du textile et du vêtement, |eorganisme de publication.
77508|tWoollen and worsted fabrics : |w(CaOODSP)9.947299
85640|qPDF|s1.47 Mo|uhttps://publications.gc.ca/collections/collection_2025/isde-ised/Id46-3-1983-fra.pdf